Southern African agriculture and climate change : (Record no. 18432)

000 -LEADER
fixed length control field 00701cam a2200217 a 4500
020 ## - INTERNATIONAL STANDARD BOOK NUMBER
ISBN 9780896292086 (alk. paper)
020 ## - INTERNATIONAL STANDARD BOOK NUMBER
ISBN 0896292088 (alk. paper)
040 ## - CATALOGING SOURCE
Transcribing agency DNAL
082 00 - DEWEY DECIMAL CLASSIFICATION NUMBER
Classification number 635 INT 2013 C145 Or.
245 00 - TITLE STATEMENT
Title Southern African agriculture and climate change :
Remainder of title a comprehensive analysis /
250 ## - EDITION STATEMENT
Edition statement 1st ed.
260 ## - PUBLICATION, DISTRIBUTION, ETC. (IMPRINT)
Place of publication Washington, D.C. :
Name of publisher International Food Policy Research Institute,
Year of publication c2013.
300 ## - PHYSICAL DESCRIPTION
Number of Pages xxx, 337 p. :
Other physical details ill. (chiefly col.) ;
Dimensions 23 cm.
490 1# - SERIES STATEMENT
Series statement Climate change in Africa ;
500 ## - GENERAL NOTE
General note "A peer-reviewed publication."
650 #0 - SUBJECT ADDED ENTRY--TOPICAL TERM
Topical Term Agriculture
650 #0 - SUBJECT ADDED ENTRY--TOPICAL TERM
Topical Term Climatic changes
650 #0 - SUBJECT ADDED ENTRY--TOPICAL TERM
Topical Term Food crops
700 1# - ADDED ENTRY--PERSONAL NAME
Personal name Hachigonta, Sepo.
942 ## - ADDED ENTRY ELEMENTS (KOHA)
Koha item type ADB
952 ## - LOCATION AND ITEM INFORMATION (KOHA)
Withdrawn status [LOCAL, KOHA] 0
Holdings
Source of acquisition Permanent Location Date acquired Koha item type Lost status Shelving location Current Location Full call number
A35072Library Block C2019-11-29សៀវភៅភាសាអង់គ្លេស C145Library Block C635 INT 2013 C145 Or.
មជ្ឈមណ្ឌលឯការនៃសាកលវិទ្យាល័យភូមិន្ទកសិកម្មចំការដូង

Powered by Koha